<?xml version="1.0" encoding="UTF-8"?>
<record
    xmlns:xsi="http://www.w3.org/2001/XMLSchema-instance"
    xsi:schemaLocation="http://www.loc.gov/MARC21/slim http://www.loc.gov/standards/marcxml/schema/MARC21slim.xsd"
    xmlns="http://www.loc.gov/MARC21/slim">

  <leader>05511nam a2200433 a 4500</leader>
  <controlfield tag="001">dia_4577</controlfield>
  <controlfield tag="003">CHAP</controlfield>
  <controlfield tag="005">20241111101350.0</controlfield>
  <controlfield tag="007">ta</controlfield>
  <controlfield tag="008">220117s2009    mx abdofrm    001 0 spa d</controlfield>
  <datafield tag="010" ind1=" " ind2=" ">
    <subfield code="a">175242</subfield>
  </datafield>
  <datafield tag="040" ind1=" " ind2=" ">
    <subfield code="a">mxchpua</subfield>
    <subfield code="c">CHAP</subfield>
  </datafield>
  <datafield tag="041" ind1="0" ind2=" ">
    <subfield code="a">spa</subfield>
    <subfield code="b">eng</subfield>
  </datafield>
  <datafield tag="090" ind1=" " ind2=" ">
    <subfield code="a">Tesis</subfield>
    <subfield code="b">H475</subfield>
    <subfield code="c">2009</subfield>
  </datafield>
  <datafield tag="100" ind1="1" ind2=" ">
    <subfield code="a">Hern&#xE1;ndez Ortiz, Ena Luisa</subfield>
  </datafield>
  <datafield tag="240" ind1="1" ind2="0">
    <subfield code="a">Agroindustrial diagnosis of xicotepec de Juarez, Puebla.</subfield>
    <subfield code="l">Espa&#xF1;ol</subfield>
  </datafield>
  <datafield tag="245" ind1="1" ind2="0">
    <subfield code="a">Diagn&#xF3;stico agroindustrial de Xicotepec de Ju&#xE1;rez, Puebla /</subfield>
    <subfield code="c">Ena Luisa Hern&#xE1;ndez Ortiz</subfield>
  </datafield>
  <datafield tag="264" ind1=" " ind2=" ">
    <subfield code="a">Chapingo, M&#xE9;xico :</subfield>
    <subfield code="b">El autor,</subfield>
    <subfield code="c">2009</subfield>
  </datafield>
  <datafield tag="300" ind1=" " ind2=" ">
    <subfield code="a">x, 112 hojas :</subfield>
    <subfield code="b">ilustraciones, tablas, gr&#xE1;ficas, mapas, fotograf&#xED;as +</subfield>
  </datafield>
  <datafield tag="336" ind1=" " ind2=" ">
    <subfield code="2">rdacontent</subfield>
    <subfield code="a">texto</subfield>
    <subfield code="b">txt</subfield>
  </datafield>
  <datafield tag="337" ind1=" " ind2=" ">
    <subfield code="2">rdamedia</subfield>
    <subfield code="a">no mediado</subfield>
    <subfield code="b">n</subfield>
  </datafield>
  <datafield tag="338" ind1=" " ind2=" ">
    <subfield code="2">rdacarrier</subfield>
    <subfield code="a">volumen</subfield>
    <subfield code="b">nc</subfield>
  </datafield>
  <datafield tag="502" ind1=" " ind2=" ">
    <subfield code="a">Tesis </subfield>
    <subfield code="b">(Ingeniero Agroindustrial) --</subfield>
    <subfield code="c">UACh. Departamento de Ingenier&#xED;a Agroindustrial,</subfield>
    <subfield code="d">2009</subfield>
  </datafield>
  <datafield tag="504" ind1=" " ind2=" ">
    <subfield code="a">Bibliograf&#xED;a: hojas 103-105</subfield>
  </datafield>
  <datafield tag="520" ind1="3" ind2=" ">
    <subfield code="a">Dentro del contexto de la caracterizaci&#xF3;n de la agroindustria se ubica este trabajo a nivel de diagn&#xF3;stico tratando de lograr, en primer t&#xE9;rmino evaluando el grado de desarrollo agroindustrial existente en la zona de estudio, as&#xED; mismo determinando a cierto nivel, los recursos agroindustriales, de tal manera que nos sirva para determinar el potencial agroindustrial en dicha zona. El municipio de estudio fue Xicotepec de Ju&#xE1;rez, Puebla, localizado al norte del estado. La metodolog&#xED;a usada consisti&#xF3; en una revisi&#xF3;n de literatura y trabajo de campo. La fase de revisi&#xF3;n de literatura se conformo por el marco te&#xF3;rico y de referencia; y en la fase de trabajo de campo se levant&#xF3; un censo a las agroindustrias ubicadas en el municipio de estudio. Los resultados obtenidos muestran que en la zona de estudio, la mayor&#xED;a de la agroindustria presenta un bajo nivel de mecanizaci&#xF3;n esto quiere decir que se ubicada dentro de las fases de desarrollo agroindustrial en la industria manufacturera. Es la excepci&#xF3;n la industria del caf&#xE9; presentando un alto nivel de mecanizaci&#xF3;n y un alto desarrollo, y dentro de las fases de desarrollo agroindustrial se encuentra entre la industria manufacturera. La zona de estudio presenta potencial agroindustrial ya que por su clima hace adaptable a una gran cantidad de cultivos monta&#xF1;osos de alta demanda como son algunos frutales, que no se producen por falta de asesor&#xED;a o conocimiento de su existencia. Las principales necesidades actuales de la empresa agroindustrial en el municipio de Xicotepec de Ju&#xE1;rez, es la modernizaci&#xF3;n tecnol&#xF3;gica junto con la necesidad de cr&#xE9;dito, falta de personal capacitado para mejorar procesos obsoletos en tiempos o productividad. En el beneficiado de caf&#xE9; existe la necesidad de actualizar las formas de proceso. El principal problema del sector primario es de tipo organizacional por parte de los productores de bajos ingresos, por que aunque estos cuentan con asociaciones, no las utilizan debidamente para que les ayude a mejorar su nivel de vida.</subfield>
  </datafield>
  <datafield tag="520" ind1="3" ind2=" ">
    <subfield code="a">Within the context of the characterization of agroindustry is located at the level of this work to seek diagnosis, first by assessing the level of agro-industrial development in the study area, as well as identifying a certain level, agricultural resources, such way we used to determine the agroindustrial potential in the area. municipality of study was Xicotepec de Juarez, Puebla, located north of the entity. The methodology used consisted of a revision of literature and field work. The revision phase of literature is formed by the theoretical framework and reference; and at the stage of field work was lifted a census to agroindustries located in the municipality of study. The results show that in the study area, most of the agribusiness has a low level of mechanization that means is located within the stages of agro-industrial development in manufacturing. The exception is the coffee industry by presenting a high level of mechanization and a high development, and within the stages of agroindustrial development is among the manufacturing industry. The study area presents agribusiness potential as its climate makes it adaptable to a wide range of mountain crops of high demand such as some fruit trees, which are not produced for lack of advice or knowledge of its existence. The main needs of the agro-business in the municipality of Juarez Xicotepec, is the technological modernization with the need to credit, lack of trained personnel to improve processes obsolete in time or productivity. In coffee benefited there is the need to update the forms of process. The main problem of the primary sector is organizational by low income producers. Because althoughthat although these associations are not using them properly to help them improve their standard of living.</subfield>
  </datafield>
  <datafield tag="650" ind1="1" ind2="3">
    <subfield code="a">estad&#xED;sticas industriales</subfield>
    <subfield code="2">atg</subfield>
    <subfield code="z">M&#xE9;xico</subfield>
    <subfield code="z">Puebla  </subfield>
  </datafield>
  <datafield tag="650" ind1="1" ind2="3">
    <subfield code="a">Perspectiva y situaci&#xF3;n agr&#xED;cola  </subfield>
    <subfield code="2">atg</subfield>
    <subfield code="z">M&#xE9;xico</subfield>
    <subfield code="z">Puebla  </subfield>
  </datafield>
  <datafield tag="650" ind1="1" ind2="3">
    <subfield code="a">Manufacturing statistics </subfield>
    <subfield code="2">atg</subfield>
    <subfield code="z">Mexico</subfield>
    <subfield code="z">Puebla  </subfield>
  </datafield>
  <datafield tag="650" ind1="1" ind2="3">
    <subfield code="a">Agricultural outlook and situation  </subfield>
    <subfield code="2">atg</subfield>
    <subfield code="z">Mexico</subfield>
    <subfield code="z">Puebla</subfield>
  </datafield>
  <datafield tag="700" ind1="1" ind2=" ">
    <subfield code="a">Ponce Hern&#xE1;ndez, Pedro</subfield>
    <subfield code="e">director</subfield>
  </datafield>
  <datafield tag="700" ind1="1" ind2=" ">
    <subfield code="a">Morales Santos, Tayde</subfield>
    <subfield code="e">asesora</subfield>
  </datafield>
  <datafield tag="700" ind1="1" ind2=" ">
    <subfield code="a">S&#xE1;nchez Moctezuma, Gabriela</subfield>
    <subfield code="e">asesor</subfield>
  </datafield>
  <datafield tag="856" ind1="4" ind2="1">
    <subfield code="u">http://10.13.5.2/tesis/108296.pdf</subfield>
    <subfield code="y">DESCARGAR PDF</subfield>
  </datafield>
  <datafield tag="901" ind1=" " ind2=" ">
    <subfield code="a">TESIS H475 2009</subfield>
  </datafield>
  <datafield tag="902" ind1=" " ind2=" ">
    <subfield code="a">M</subfield>
  </datafield>
  <datafield tag="905" ind1=" " ind2=" ">
    <subfield code="a">5232272009                          MX BNM 8223123322SPA16</subfield>
  </datafield>
  <datafield tag="942" ind1=" " ind2=" ">
    <subfield code="c">TESIS</subfield>
    <subfield code="2">Clasificaci&#xF3;n Universidad Aut&#xF3;noma Chapingo</subfield>
  </datafield>
  <datafield tag="999" ind1=" " ind2=" ">
    <subfield code="c">175242</subfield>
    <subfield code="d">175242</subfield>
  </datafield>
  <datafield tag="952" ind1=" " ind2=" ">
    <subfield code="0">0</subfield>
    <subfield code="1">0</subfield>
    <subfield code="2">local</subfield>
    <subfield code="4">0</subfield>
    <subfield code="5">5</subfield>
    <subfield code="7">0</subfield>
    <subfield code="8">TESIS</subfield>
    <subfield code="a">IA_</subfield>
    <subfield code="b">IA_</subfield>
    <subfield code="d">2022-01-18</subfield>
    <subfield code="e">El autor</subfield>
    <subfield code="l">1</subfield>
    <subfield code="o">Tesis H475 2009</subfield>
    <subfield code="p">1101000610</subfield>
    <subfield code="r">2026-02-02 00:00:00</subfield>
    <subfield code="s">2024-11-22</subfield>
    <subfield code="t">Ej.2</subfield>
    <subfield code="w">2022-01-18</subfield>
    <subfield code="y">TESIS</subfield>
  </datafield>
  <datafield tag="952" ind1=" " ind2=" ">
    <subfield code="0">0</subfield>
    <subfield code="1">0</subfield>
    <subfield code="2">local</subfield>
    <subfield code="4">0</subfield>
    <subfield code="5">1</subfield>
    <subfield code="7">0</subfield>
    <subfield code="8">TESIS</subfield>
    <subfield code="a">IA_</subfield>
    <subfield code="b">IA_</subfield>
    <subfield code="d">2022-01-18</subfield>
    <subfield code="e">El autor</subfield>
    <subfield code="l">0</subfield>
    <subfield code="o">Tesis H475 2009</subfield>
    <subfield code="p">1101005011</subfield>
    <subfield code="r">2026-02-02 00:00:00</subfield>
    <subfield code="t">Ej.1</subfield>
    <subfield code="w">2022-01-18</subfield>
    <subfield code="y">TESIS</subfield>
  </datafield>
  <datafield tag="952" ind1=" " ind2=" ">
    <subfield code="0">0</subfield>
    <subfield code="1">0</subfield>
    <subfield code="2">local</subfield>
    <subfield code="4">0</subfield>
    <subfield code="7">0</subfield>
    <subfield code="8">TesDigL</subfield>
    <subfield code="a">IA_</subfield>
    <subfield code="b">IA_</subfield>
    <subfield code="c">E_L</subfield>
    <subfield code="d">2022-01-18</subfield>
    <subfield code="e">El autor</subfield>
    <subfield code="l">0</subfield>
    <subfield code="p">1201005011</subfield>
    <subfield code="r">2024-11-11 10:18:37</subfield>
    <subfield code="w">2022-01-18</subfield>
    <subfield code="y">TD</subfield>
  </datafield>
</record>
